Elenca la formazione - Quiz n°123 - Statistics

Statistiche generali
  • Questo quiz è stato fatto 41 volte
  • Il punteggio medio è 9 su 11
Statistiche sulle risposte
Ruolo Nazione Calciatore % Corretto
Attaccante Francia Antoine Griezmann
100%
Portiere Slovenia Jan Oblak
100%
Difensore Uruguay Diego Godín
92%
Centrocampista Spagna Koke
92%
Difensore Montenegro Stefan Savić
90%
Centrocampista Spagna Saúl Ñíguez
85%
Difensore Spagna Juanfran
82%
Difensore Brasile Filipe Luís
74%
Centrocampista Spagna Gabi
69%
Attaccante Spagna Fernando Torres
59%
Centrocampista Argentina Augusto Fernández
10%
Nessun quiz corrispondente trovato
Distribuzione punteggi
Percentuale di utenti per punteggio
Percentile per numero di risposta
I tuoi punteggi nel tempo
Non hai fatto questo quiz